000 00397nam a2200145Ia 4500
003 LDD
040 _cLDD
082 _a106.01 W893I
100 _aWorld Philosophical Meet
245 0 _aIn quest of universal peace
_cWorld Philosophical Meet
260 _aPune
_bMaharastra Academy ofEngineering and Educational Research
_c1996
300 _axiv,323p.:
901 _a516
_b09-10-1996
942 _2ddc
_cG
999 _c7802
_d7802